| 000 | 01038cam a2200301 a 4500 | ||
|---|---|---|---|
| 001 | 000016173 | ||
| 003 | DO-SdBNP | ||
| 005 | 20250122105004.0 | ||
| 008 | 040707s2005 pr a 0|0 0 spa d | ||
| 010 | _a2007418290 | ||
| 020 | _a1932271538 | ||
| 040 |
_aDO-SdBNP _cDLC _dBNPHU |
||
| 049 | _aBNGR | ||
| 082 |
_aPR860.44 _bE18r |
||
| 100 | 1 |
_aEchandía, Luis Iván, _d1967- _936191 |
|
| 245 | 1 | 4 |
_aLos relatos del cacique Aymón / _cLuis Iván Echadía ; editora de la colección, Doris E. Lugo Ramírez; ilustraciones de José Antonio Acosta. |
| 260 |
_aSan Juan, P.R. : _bIsla Negra, _cc2005. |
||
| 300 |
_a81 p. : _bil. ; _c19 cm. |
||
| 490 | 0 | _aCuadernos de Marcela | |
| 650 | 4 |
_aLiteratura puertorriqueña _9250 |
|
| 650 | 4 |
_aLiteratura folclórica _91529 |
|
| 650 | 4 |
_aLeyendas _919936 |
|
| 700 | 1 |
_aAcosta, José Antonio _eil. _936192 |
|
| 700 | 1 |
_a Lugo Ramírez, Doris E. _d1965- _41965- _986902 |
|
| 700 | 1 |
_a Lugo Ramírez, Doris E. _d1965- _eed. _986902 |
|
| 910 | _aCatalogación por copia / LC | ||
| 942 |
_2ddc _cLBS1 |
||
| 999 |
_c15713 _d15713 |
||